Restless Earth - Tsunami Case Study - Statistics

General Stats
  • This quiz has been taken 26 times
  • The average score is 2 of 10
Answer Stats
Hint Answer % Correct
What is the Tsunami that happened on the 26th December 2004 commonly known as? Boxing Day Tsunami
85%
What Magnitude was the Earthquake that caused the Tsunami? (Richter Scale) 9.1
54%
Which Tectonic Plates were involved in the region? Indo-Australian and Eurasian
23%
How many settlements were destroyed into Banda Aceh? 1500
15%
What was the total amount of Aid given to the Rescue Effort from the UK? (In British Pounds) 175 Million
8%
How many people died as a result of the Tsunami? 220,000
8%
Roughly, how many people were made homeless? 2 Million
8%
How much money has the DEC (Disasters Emergency Committee) spent on Projects in Sri Lanka and Indonesia? (In British Pounds) 40 Million
8%
How many people were injured as a result of the Tsunami? 650,000
8%
When was the Indian Ocean Tsunami Warning System Set up? June 2006
8%
No matching quizzes found
Score Distribution
Percent of People with Each Score
Percentile by Number Answered
Your Score History
You have not taken this quiz